000 00604pab a2200193 454500
008 180718b2008 xxu||||| |||| 00| 0 eng d
100 _aAgnihotri, Anita
245 _aResettlement issues in water resources development: an empirical study of the lower Suktel irrigation project, Orissa
260 _c2008
300 _ap.645-60.
362 _aDec
650 _aIrrigation - India - Orissa
650 _aResettlement - India - Orissa
650 _aWater resources management - India - Orissa
650 _aWater resources management
773 _aSocial Change
908 _aN
909 _a80994
999 _c80994
_d80994